LEADER 02346nas 2200637- 450 001 996219430903316 005 20231101153720.0 011 $a1865-9446 035 $a(OCoLC)571688570 035 $a(CKB)110978979119373 035 $a(CONSER)--2015204123 035 $a(DE-599)ZDB2454656-2 035 $a(EXLCZ)99110978979119373 100 $a20100325a19879999 s-- a 101 0 $ager 135 $aurbn||||||abp 135 $aurbn||||||ada 181 $ctxt$2rdacontent 182 $cc$2rdamedia 183 $acr$2rdacarrier 200 10$aEditio $eInternationales Jahrbuch für Editionswissenschaft = International yearbook of scholarly editing = Revue internationale des sciences de l'édition critique 210 31$aBerlin :$cDe Gruyter 300 $aPrint version published: Tübingen : Max Niemeyer Verlag, 1987-2009; Berlin : De Gruyter, 2010- 311 $a0931-3079 517 1 $aInternationales Jahrbuch für Editionswissenschaft 517 1 $aInternational yearbook of scholarly editing 517 1 $aRevue internationale des sciences de l'édition critique 531 $aEDITIO INTERNATIONALES JAHRBUCH FUER EDITIONSWISSENSCHAFT 606 $aEditing$vPeriodicals 606 $aCriticism, Textual$vPeriodicals 606 $aScholarly publishing$vPeriodicals 606 $aÉdition$vPériodiques 606 $aCritique textuelle$vPériodiques 606 $aScholarly publishing$2fast$3(OCoLC)fst01106866 606 $aCriticism, Textual$2fast$3(OCoLC)fst00883762 606 $aEditing$2fast$3(OCoLC)fst00902451 606 $aUitgeven$2gtt 608 $aPeriodicals.$2fast 608 $aPeriodicals.$2lcgft 615 0$aEditing 615 0$aCriticism, Textual 615 0$aScholarly publishing 615 6$aÉdition 615 6$aCritique textuelle 615 7$aScholarly publishing. 615 7$aCriticism, Textual. 615 7$aEditing. 615 17$aUitgeven. 676 $a808/.027/05 712 02$aArbeitsgemeinschaft für Germanistische Edition, 712 02$aAllgemeine Gesellschaft für Philosophie in Deutschland.$bArbeitsgemeinschaft Philosophischer Editionen, 712 02$aGesellschaft für Musikforschung (1946- ).$bFachgruppe Freie Forschungsinstitute, 906 $aJOURNAL 912 $a996219430903316 996 $aEditio$92426814 997 $aUNISA LEADER 01848oas 2200613 a 450 001 9910142290303321 005 20251105213014.0 035 $a(OCoLC)70199636 035 $a(CONSER) 2006231354 035 $a(CKB)1000000000314529 035 $a(EXLCZ)991000000000314529 100 $a20060628a20049999 sa a 101 0 $aeng 135 $aurmnu|||||||| 181 $ctxt$2rdacontent 182 $cc$2rdamedia 183 $acr$2rdacarrier 200 00$aForest matters $ethe stewardship newsletter 210 $aDurham, N.H. $cNortheastern Area, Forest Stewardship Program 215 $aelectronic text, volumes $cHTML, digital, PDF files 300 $aTitle from PDF caption (viewed June 27, 2006). 311 08$a1933-3587 606 $aForest conservation$zUnited States$vPeriodicals 606 $aForest protection$zUnited States$vPeriodicals 606 $aForest conservation$2fast$3(OCoLC)fst00932069 606 $aForest protection$2fast$3(OCoLC)fst00932432 607 $aUnited States$2fast$1https://id.oclc.org/worldcat/entity/E39PBJtxgQXMWqmjMjjwXRHgrq 608 $aPeriodicals.$2fast 608 $aPeriodicals.$2lcgft 615 0$aForest conservation 615 0$aForest protection 615 7$aForest conservation. 615 7$aForest protection. 676 $a333.75 712 02$aUnited States.$bState and Private Forestry.$bNortheastern Area. 712 02$aForest Stewardship Program (U.S.) 801 0$bGPO 801 1$bGPO 801 2$bNSD 801 2$bDLC 801 2$bAGL 801 2$bOCLCQ 801 2$bOCLCF 801 2$bOCLCO 801 2$bOCLCQ 801 2$bOCLCO 801 2$bGILDS 801 2$bOCLCQ 801 2$bOCLCL 801 2$bOCLCQ 906 $aJOURNAL 912 $a9910142290303321 996 $aForest matters$91968797 997 $aUNINA